UBT Library

Rites of passage : (Record no. 44536)

000 -LEADER
fixed length control field 00644pam a2200229 i 4500
001 - CONTROL NUMBER
control field 818561
005 - DATE AND TIME OF LATEST TRANSACTION
control field 20180309034926.0
008 - FIXED-LENGTH DATA ELEMENTS--GENERAL INFORMATION
fixed length control field 761028s1977 nyuaf b 001 0 eng
010 ## - LIBRARY OF CONGRESS CONTROL NUMBER
LC control number 76043465
020 ## - INTERNATIONAL STANDARD BOOK NUMBER
International Standard Book Number 0465070434 :
Terms of availability $16.50
040 ## - CATALOGING SOURCE
Original cataloging agency DLC
Transcribing agency DLC
Modifying agency DLC
041 ## - LANGUAGE CODE
Language code of text/sound track or separate title eng
043 ## - GEOGRAPHIC AREA CODE
Geographic area code n-us---
080 ## - UNIVERSAL DECIMAL CLASSIFICATION NUMBER
Universal Decimal Classification number 301.43150973 KET
082 00 - DEWEY DECIMAL CLASSIFICATION NUMBER
Classification number 301.43150973 KET
100 1# - Rafti
Rafti 50
101 ## - Shkurtesa
Shkurtesa SOC
245 10 - TITLE STATEMENT
Title Rites of passage :
Statement of responsibility, etc Joseph F. Kett.
504 ## - BIBLIOGRAPHY, ETC. NOTE
Bibliography, etc Includes bibliographical references and index.
906 ## - LOCAL DATA ELEMENT F, LDF (RLIN)
a 7
b cbc
c orignew
d 1
e ocip
f 19
g y-gencatlg
942 ## - ADDED ENTRY ELEMENTS (KOHA)
Source of classification or shelving scheme
Item type Books
Holdings
Withdrawn status Lost status Source of classification or shelving scheme Damaged status Not for loan Collection code Permanent location Current location Shelving location Date acquired Total Checkouts Full call number Barcode Date last seen Price effective from Koha item type
          Koleksioni i përgjithshem UBT - Lipjan UBT - Lipjan Koleksioni i përgjithshem 03/09/2018   301.43150973 KET 002-3000908 03/09/2018 03/09/2018 Books
UBT Library © 2015-2024. All rights reserved University Education for Business and Technology